banner koha

Influencia da subsolagem e gradagem do solo na sua condutividade hidraulica [latossolo roxo distrofico, Lencois Paulista, Sao Paulo, Brasil] (Registro n. 114306)

MARC details
000 -LÍDER
campo de controle de tamanho fixo 01201nas a2200337 4500
001 - NÚMERO DE CONTROLE
campo de controle BR8401593
003 - IDENTIFICADOR DO NÚMERO DE CONTROLE
campo de controle BR-BrBNA
005 - DATA E HORÁRIO DA ÚLTIMA TRANSAÇÃO
campo de controle 20231205085844.0
007 - CAMPO FIXO DE DESCRIÇÃO FÍSICA--INFORMAÇÃO GERAL
campo de controle de tamanho fixo ta
008 - CAMPO DE DADOS FIXOS--INFORMAÇÃO GERAL
campo de controle de tamanho fixo 230509b bl.|||p| |||| 00| 00por d
040 ## - FONTE DA CATALOGAÇÃO
Instituição da catalogação original BR-BrBNA
Idioma da catalogação por
Instituição que transcreveu o registro Biblioteca Nacional de Agricultura
041 ## - CÓDIGO DE IDIOMA
Código do idioma do texto/trilha sonora ou título diferente (Pt)
072 ## - CÓDIGO DE CATEGORIA DE ASSUNTO
Código de Categoria de Assunto F22
100 1# - ENTRADA PRINCIPAL--NOME PESSOAL
Nome pessoal Jorge, J.A.
100 1# - ENTRADA PRINCIPAL--NOME PESSOAL
Nome pessoal Libardi, P.L.
100 1# - ENTRADA PRINCIPAL--NOME PESSOAL
Nome pessoal Foloni, L.L.
100 1# - ENTRADA PRINCIPAL--NOME PESSOAL
Nome pessoal Almeida, J.O.C.
100 1# - ENTRADA PRINCIPAL--NOME PESSOAL
Nome pessoal Reichardt, K.
100 1# - ENTRADA PRINCIPAL--NOME PESSOAL
Nome pessoal Gamero, C.A.
245 1# - TÍTULO
Título Influencia da subsolagem e gradagem do solo na sua condutividade hidraulica [latossolo roxo distrofico, Lencois Paulista, Sao Paulo, Brasil]
Restante do título Parte de tese
246 1# - FORMA VARIANTE DO TÍTULO
Título/título abreviado Influence of subsoiling and soil disking on soil hydraulic conductivity [dystrophic dusky red latosol, Lencois Paulista, Sao Paulo, Brazil]
Restante do título [Part of thesis]
650 ## - ASSUNTO--TERMO TÓPICO
Cabeçalho tópico ou nome geográfico SOLO
650 ## - ASSUNTO--TERMO TÓPICO
Cabeçalho tópico ou nome geográfico SUBSOLAGEM
650 ## - ASSUNTO--TERMO TÓPICO
Cabeçalho tópico ou nome geográfico GRADAGEM
650 ## - ASSUNTO--TERMO TÓPICO
Cabeçalho tópico ou nome geográfico CONDUTIVIDADE HIDRAULICA
650 ## - ASSUNTO--TERMO TÓPICO
Cabeçalho tópico ou nome geográfico LATOSSOLO ROXO DISTROFICO
650 ## - ASSUNTO--TERMO TÓPICO
Cabeçalho tópico ou nome geográfico SAO PAULO
773 0# - ENTRADA ANALÍTICA
Título Revista Brasileira de Ciencia do Solo (Brazil)
ISSN - International Standard Serial Number ISSN 0100-0683
Partes relacionadas (Jan 1983), v. 8(1) p. 1-6
Número de controle do registro BR8401593
909 ## -
-- 202311
-- Lúcia
-- 55
-- Lúcia Elande
942 ## - ELEMENTOS DE ENTRADA ADICIONADOS (KOHA)
Fonte da classificação ou esquema de arquivamento na estante Classificação AGRIS
Ocultar no OPAC Não
Tipo de material Koha Analítica
Exemplares
Situação do descarte Fonte da classificação ou esquema de arquivamento na estante Situação física Não pode ser emprestado Biblioteca de origem Biblioteca atual Localização na estante Enumeração do periódico / cronologia Total de empréstimos Data de último acesso Número do exemplar Tipo de material Koha Fonte de aquisição
  Classificação AGRIS   Consulta local Biblioteca Nacional de Agricultura - Binagri Biblioteca Nacional de Agricultura - Binagri   (Jan 1983), v. 8(1) p. 1-6   29/11/2023 01 Periódicos Portaria Interministerial nº 164/94

BINAGRI

Telefone: (61)3218-2567/2388/3357/2097 - binagri@agro.gov.br

Ministério da Agricultura e Pecuária , Esplanada dos Ministérios, Bloco D, Anexo B, Brasília/DF, CEP: 70.043-900